<?xml version="1.0" encoding="UTF-8"?><?xml-stylesheet type="text/xsl" href="static/style.xsl"?><OAI-PMH xmlns="http://www.openarchives.org/OAI/2.0/" xmlns:xsi="http://www.w3.org/2001/XMLSchema-instance" xsi:schemaLocation="http://www.openarchives.org/OAI/2.0/ http://www.openarchives.org/OAI/2.0/OAI-PMH.xsd"><responseDate>2026-04-17T04:10:55Z</responseDate><request verb="GetRecord" identifier="oai:www.recercat.cat:2445/166663" metadataPrefix="marc">https://recercat.cat/oai/request</request><GetRecord><record><header><identifier>oai:recercat.cat:2445/166663</identifier><datestamp>2026-04-09T01:43:15Z</datestamp><setSpec>com_2072_1057</setSpec><setSpec>col_2072_478857</setSpec><setSpec>col_2072_478917</setSpec></header><metadata><record xmlns="http://www.loc.gov/MARC21/slim" xmlns:dcterms="http://purl.org/dc/terms/" xmlns:xsi="http://www.w3.org/2001/XMLSchema-instance" xmlns:doc="http://www.lyncode.com/xoai" xsi:schemaLocation="http://www.loc.gov/MARC21/slim http://www.loc.gov/standards/marcxml/schema/MARC21slim.xsd">
   <leader>00925njm 22002777a 4500</leader>
   <datafield ind2=" " ind1=" " tag="042">
      <subfield code="a">dc</subfield>
   </datafield>
   <datafield ind2=" " ind1=" " tag="720">
      <subfield code="a">Alcoberro i Pericay, Agustí, 1958-</subfield>
      <subfield code="e">author</subfield>
   </datafield>
   <datafield ind2=" " ind1=" " tag="260">
      <subfield code="c">2020-06-25T16:31:15Z</subfield>
   </datafield>
   <datafield ind2=" " ind1=" " tag="260">
      <subfield code="c">2020-06-25T16:31:15Z</subfield>
   </datafield>
   <datafield ind2=" " ind1=" " tag="260">
      <subfield code="c">2018</subfield>
   </datafield>
   <datafield ind2=" " ind1=" " tag="520">
      <subfield code="a">Podeu consultar el llibre d'actes del congrés a: http://hdl.handle.net/2445/166326</subfield>
   </datafield>
   <datafield ind2=" " ind1=" " tag="520">
      <subfield code="a">[cat] L’Estat de Milà, annexat a la Monarquia dels Habsburg de Viena pel Tractat de&#xd;
Rastatt (1714), va jugar un paper clau en la Guerra de la Quàdruple Aliança.&#xd;
A través de les ordres del Consell d’Espanya de Viena, el govern de Milà es&#xd;
va fer càrrec de les tasques de diplomàcia, espionatge, ordre públic i lleves i&#xd;
proveïments de tropes en un context polític molt complex, en què Felip V i&#xd;
Carles III d’Espanya, l’Arxiduc (l’emperador Carles VI), rivalitzaren de nou&#xd;
per l’hegemonia política.</subfield>
   </datafield>
   <datafield ind2=" " ind1=" " tag="520">
      <subfield code="a">[spa] El Estado de Milán, anexado a la Monarquía de los Habsburgo de Viena por&#xd;
el Tratado de Rastatt (1714), jugó un papel clave en la Guerra de la Cuádruple&#xd;
Alianza. A través de las órdenes del Consejo de España de Viena, el gobierno&#xd;
de Milán se hizo cargo de las tareas de diplomacia, espionaje, orden público y&#xd;
levas y aprovisionamientos de tropas en un contexto político muy complejo,&#xd;
en el que Felipe V y Carlos III de España, el Archiduque (el emperador Carlos&#xd;
VI), rivalizarían de nuevo por la hegemonía europea.</subfield>
   </datafield>
   <datafield ind2=" " ind1=" " tag="520">
      <subfield code="a">[eng] The State of Milan, annexed to the Monarchy of the Habsburgs of Viena&#xd;
through the Rastatt Treaty (1714), played an important role during the War&#xd;
of the Quadruple Alliance. Through the commands given by the Council of&#xd;
Spain of Viena, the government of Milan took charge of diplomacy issues,&#xd;
espionage, public order and drafts and supply of troops in a very complex context,&#xd;
in which Philip V and Charles III of Spain, the Archduke (the emperor&#xd;
Charles VI), would compete for the political hegemony again.</subfield>
   </datafield>
   <datafield ind2=" " ind1=" " tag="520">
      <subfield code="a">Aquest treball s´inscriu en els projectes de recerca finançats pel Ministerio de&#xd;
Economía y Competividad: «La política exterior de Felipe V y su repercusión en España&#xd;
(1713- 1740)» (HAR2014-52645P) i «Articulación del territorio y relaciones&#xd;
mediterráneas en la Cataluña de la época moderna» (HAR2015-64954-P).</subfield>
   </datafield>
   <datafield tag="653" ind2=" " ind1=" ">
      <subfield code="a">Guerra de la Quàdruple Aliança</subfield>
   </datafield>
   <datafield tag="653" ind2=" " ind1=" ">
      <subfield code="a">Història moderna</subfield>
   </datafield>
   <datafield tag="653" ind2=" " ind1=" ">
      <subfield code="a">Itàlia</subfield>
   </datafield>
   <datafield tag="653" ind2=" " ind1=" ">
      <subfield code="a">War of the Quadruple Alliance</subfield>
   </datafield>
   <datafield tag="653" ind2=" " ind1=" ">
      <subfield code="a">Modern history</subfield>
   </datafield>
   <datafield tag="653" ind2=" " ind1=" ">
      <subfield code="a">Italy</subfield>
   </datafield>
   <datafield ind2="0" ind1="0" tag="245">
      <subfield code="a">La guerra de la Quàdruple Aliança (1718-1720) des de l’Estat de Milà (i des del Consell d’Espanya de Viena)</subfield>
   </datafield>
</record></metadata></record></GetRecord></OAI-PMH>